00846 2200325 4500001002100000005001500021035002000036007000300056008004100059040001700100100000900117245004700126250001000173300003000183020002200213041000800235082000800243084001400251090001900265260003200284600002300316700002300339850001000362990002500372990002500397990002500422990002500447990002300472990002500495INLIS00000000000234320230223092713 a0010-0220000194ta200213 0  aSBPUPADbind0 aOrin1 aCerita Si Kuda /cOrin; Penyunting:Dwiyani aCet.4 a23 hlm. :bilus. ;c20 cm a978-979-077-291-5 aind a590 a590 ORI c a590 ORI c 28-3 aDepok :bGema Insani,c2018 4aIlmu Tentang Hewan0 aPenyunting:Dwiyani aPUPAD a32.317/APBD/DPK/2019 a32.318/APBD/DPK/2019 a32.319/APBD/DPK/2019 a32.320/APBD/DPK/2019 a3231/APBD/DPK/2019 a32.320/APBD/DPK/2019